000 00445nam a2200181Ia 4500
001 1588
005 20260306143739.0
008 260306t2006||||xx |||||||||||||| ||spa||
041 _aESP
082 _a153
_bA77
100 _aArredondo, María Celina
_eAUT
245 0 _aHabilidades Básicas para Aprender a Pensar
260 _c2006
300 _a108 páginas :
_c27 x 21 cm.
650 _aGEN
654 _aCPS
942 _cLIB
_dJUS
_fJUS
_2ddc
_n
999 _c1588
_d1588